Canada and missions for peace : Lessons from Nicaragua, Cambodia, and Somalia
The end of the Cold War was to usher in a new era of international peace and security. Instead, new types of conflicts have emerged and the international community has had to react quickly. New threats to peace have been countered with varying doses of peacemaking, peacekeeping, and, today, peace-bu...
Đã lưu trong:
| 格式: | 图书 |
|---|---|
| 语言: | Undetermined |
| 出版: |
Ottawa, Canada
International development research centre
1998
|
| 主题: | |
| 标签: |
添加标签
没有标签, 成为第一个标记此记录!
|
| Thư viện lưu trữ: | Trung tâm Học liệu Trường Đại học Cần Thơ |
|---|
| LEADER | 01342nam a2200229Ia 4500 | ||
|---|---|---|---|
| 001 | CTU_89753 | ||
| 008 | 210402s9999 xx 000 0 und d | ||
| 020 | |c 17.50 | ||
| 082 | |a 338.91 | ||
| 082 | |b C212 | ||
| 245 | 0 | |a Canada and missions for peace : | |
| 245 | 0 | |b Lessons from Nicaragua, Cambodia, and Somalia | |
| 245 | 0 | |c Gregory Wirick, Robert Miller | |
| 260 | |a Ottawa, Canada | ||
| 260 | |b International development research centre | ||
| 260 | |c 1998 | ||
| 520 | |a The end of the Cold War was to usher in a new era of international peace and security. Instead, new types of conflicts have emerged and the international community has had to react quickly. New threats to peace have been countered with varying doses of peacemaking, peacekeeping, and, today, peace-building. This newest approach --- peace-building --- recognizes that the sources of violent conflict are complex and that human security and international stability will only be achieved by integrating political, military, and development efforts. | ||
| 650 | |a Economic assistance,Hỗ trợ kinh tế | ||
| 650 | |x Political aspects,Developing countries,Khía cạnh chính trị,Các nước đang phát triển | ||
| 650 | |z Canada,Canada | ||
| 904 | |i QHieu đã sửa trong CSDL | ||
| 980 | |a Trung tâm Học liệu Trường Đại học Cần Thơ | ||